Personnages de fiction en images - R - Statistiques

Statistiques générales
  • Ce quiz a été pris 55 849 fois
  • Le résultat moyen est 13 sur 20
Statistiques - réponses
Par images Réponse % Correct
Robin des Bois
97%
Ron Weasley
96%
R2-D2
93%
Raiponce
91%
Rocky Balboa
88%
Ralph La Casse
80%
Rémy
76%
Riri
72%
Raphael
68%
Rex
68%
Rachel Green
64%
Rantanplan
64%
Rayman
61%
RoboCop
48%
Rango
43%
Rick Grimes
42%
Roger Rabbit
41%
Rudolph
39%
Ryu
34%
Roberto Rastapopoulos
29%
Aucun quiz correspondant
Distribution des résultats
% des personnes avec chaque résultat
Percentile par nombre de réponses
Votre historique - résultats
Vous n’avez pas pris ce quiz